Normal view MARC view
  • Frederick, Christine,

Entry Nombre Personal

Number of records used in: 1

001 - NUMERO DE CONTROL

  • campo de control: 47311

003 - IDENTIFICADOR DE NUMERO DE CONTROL

  • campo de control: DLC

005 - FECHA Y HORA DE LA ÜLTIMA TRANSACCIÓN

  • campo de control: 20221109160734.0

008 - DATOS DE LONGITUD FIJA

  • campo de control de longitud fija: 910614n| azannaabn |a aaa c

010 ## - NÚMERO DE CONTROL DE LA BIBLIOTECA DEL CONGRESO

  • Número de control LC: n 91059455

035 ## - NUMERO DE CONTROL

  • Número de control: (OCoLC)oca02966913

040 ## - FUENTE DE CATALOGACIÓN

  • Agencia original de catalogación: ICU
  • Lenguaje de catalogación: spa
  • Description conventions: rda
  • Agencia de transcripción: ICU
  • Agencia que lo modifica: DLC
  • Agencia que lo modifica: NAlfC
  • Agencia que lo modifica: MX-MxUPN

046 ## - FECHAS CON CODIFICACIÓN ESPECIAL

  • Fecha de nacimiento: 18830206
  • Fecha de muerte: 19700406

100 1# - ENCABEZAMIENTO - NOMBRE PERSONAL

  • Nombre personal: Frederick, Christine,
  • Fechas asociadas con el nombre: 1883-1970

370 ## - LUGAR ASOCIADO

  • Place of birth: Boston (Mass.)
  • Associated country: Estados Unicos
  • Place of residence/headquarters: Nueva York
  • Fuente del término: naf

372 ## - CAMPO DE ACTIVIDAD

  • Field of activity: Taylorismo

374 ## - OCUPACIÓN

  • Occupation: Economista
  • Fuente del término: lcsh

378 ## - FORMA COMPLETA DE NOMBRE PERSONAL

  • Fuller form of personal name: Christine Isobel McGaffey

400 1# - VEÁSE - NOMBRE DE PERSONA

  • Control subfield: nnea
  • Personal name: Frederick, Christine,
  • Dates associated with a name: 1883-

400 1# - VEÁSE - NOMBRE DE PERSONA

  • Control subfield: nnea
  • Personal name: Frederick, Christine,
  • Dates associated with a name: b. 1883

400 1# - VEÁSE - NOMBRE DE PERSONA

  • Personal name: Frederick, Christine McGaffrey,
  • Dates associated with a name: 1883-1970

670 ## - FUENTE EN LA QUE SE LOCALIZARON DATOS

  • Cita de la fuente: Meals that cook themselves and cut the costs, c1915:
  • Información localizada: portada (Christine Frederick)

670 ## - FUENTE EN LA QUE SE LOCALIZARON DATOS

  • Cita de la fuente: NUC pre-56
  • Información localizada: (hdg.: Frederick, Mrs. Christine (McGaffey) 1883- )

670 ## - FUENTE EN LA QUE SE LOCALIZARON DATOS

  • Cita de la fuente: Wikipedia, May 19, 2014
  • Información localizada: (Christine Frederick; American home economist and proponent of Taylorism as applied to domestic sphere; Christine Isobel McGaffey Frederick; born in Boston, February 6, 1883; adopted by stepfather Wyatt MacGaffey (she preferred to spell her maiden name McGaffey); graduated from Northwestern University, 1906; married economist J. George Frederick, 1907; moved to New York; died April 6, 1970)

670 ## - FUENTE EN LA QUE SE LOCALIZARON DATOS

  • Cita de la fuente: Efficient housekeeping or household engineering scientific management in the home, 1925:
  • Información localizada: portada (Christine Frederick)

902 ## - CATALOGADOR

  • Catalogador: Víctor Ruiz/091122